000 00537nam a2200181Ia 4500
008 100921s9999 xx 000 0 und d
082 _b12886
_a891.463 थ 70
100 _aशेळके उध्दव.
245 _aफटका.
260 _bरम्यकथा प्रकाशन, पुणे.
_c1970
300 _a84
_b---
365 _b4.5
520 _aललित-कादंबरी.
630 _aफटका.
650 _aललित-कादंबरी.
730 _aफटका.
942 _cBOOK
999 _c761999
_d761996